[Event "Division Honor Aragonesa Grupo A "]
[Site "Aragon"]
[Date "2017.02.04"]
[Round "2.1"]
[White "Llanes Luno, Ricardo"]
[Black "Villuendas Valero, Adrian"]
[Result "0-1"]
[WhiteElo "2156"]
[BlackElo "2311"]
[PlyCount "78"]
[EventDate "2017.01.28"]
[WhiteTeam "Delicias"]
[BlackTeam "St. Casablanca B"]

1. e4 e6 2. d4 d5 3. Nc3 Bb4 4. e5 c5 5. a3 Bxc3+ 6. bxc3 Ne7 7. Nf3 h6 8. Be3
Qa5 9. Qd2 c4 10. Be2 Nbc6 11. O-O Bd7 12. Rfb1 O-O-O 13. a4 Nb8 14. Qc1 Bc6
15. Qa3 Rde8 16. Qb4 Qc7 17. a5 Nd7 18. Qd6 Qxd6 19. exd6 Nf5 20. Bf4 g5 21.
Ne5 gxf4 22. a6 Nxd6 23. axb7+ Kc7 24. Rxa7 Rb8 25. Ra6 Nxe5 26. dxe5 Nb5 27.
Bh5 Rhf8 28. g3 Nxc3 29. Rf1 Rxb7 30. h4 f6 31. gxf4 d4 32. Kh2 Rb1 33. Rxb1
Nxb1 34. Ra7+ Kb6 35. Rh7 fxe5 36. Rxh6 Rxf4 37. Kg3 Nc3 38. Rxe6 Ne4+ 39. Kh2
Rxh4+ 0-1

[Event "Division Honor Aragonesa Grupo A "]
[Site "Aragon"]
[Date "2017.02.04"]
[Round "2.2"]
[White "Gimenez Martinez, Alberto"]
[Black "Roche Simon, Manuel Angel"]
[Result "0-1"]
[WhiteElo "2204"]
[BlackElo "2170"]
[PlyCount "56"]
[EventDate "2017.01.28"]
[WhiteTeam "St. Casablanca B"]
[BlackTeam "Delicias"]

1. d4 d5 2. c4 e6 3. Nc3 Nf6 4. cxd5 exd5 5. Bg5 Nbd7 6. Nxd5 Nxd5 7. Bxd8 Bb4+
8. Qd2 Kxd8 9. O-O-O Bxd2+ 10. Rxd2 Re8 11. e3 f5 12. Bd3 g6 13. Nf3 Ke7 14.
Kb1 Kf6 15. h4 h6 16. a3 c6 17. Rc2 a5 18. b3 Nf8 19. Ne5 Be6 20. Kb2 Nd7 21.
Nc4 N5b6 22. Nd6 Reb8 23. f3 a4 24. b4 Ke7 25. Nc4 Nxc4+ 26. Bxc4 Bxc4 27. Rxc4
Kd6 28. Rhc1 Re8 0-1

[Event "Division Honor Aragonesa Grupo A "]
[Site "Aragon"]
[Date "2017.02.04"]
[Round "2.3"]
[White "Lamas Mercadal, Manuel"]
[Black "Gomez Anadon, Daniel"]
[Result "1/2-1/2"]
[WhiteElo "2108"]
[BlackElo "2175"]
[PlyCount "194"]
[EventDate "2017.01.28"]
[WhiteTeam "Delicias"]
[BlackTeam "St. Casablanca B"]

1. e4 d5 2. exd5 Nf6 3. d4 Bg4 4. Bb5+ Nbd7 5. Be2 Bxe2 6. Qxe2 Nxd5 7. c4 N5f6
8. Nf3 e6 9. O-O Be7 10. Nc3 O-O 11. Bf4 c6 12. Rad1 Re8 13. Qc2 Qa5 14. Rfe1
Bb4 15. Ne5 Rad8 16. Re3 Nxe5 17. Bxe5 Ng4 18. Re4 Nxe5 19. Rxe5 Qc7 20. Ree1
Re7 21. a3 Bd6 22. g3 Red7 23. Qe4 Bf8 24. d5 exd5 25. cxd5 cxd5 26. Rxd5 Re7
27. Qb1 Rxe1+ 28. Qxe1 Rxd5 29. Nxd5 Qd7 30. Qd2 Qe6 31. a4 h6 32. Qd3 Bc5 33.
Kg2 Qe1 34. Qf5 Qe6 35. Qf3 b6 36. b4 Bd6 37. b5 g6 38. Qd3 Kh7 39. Ne3 Bc5 40.
Nd5 Qe5 41. Qf3 Kg7 42. h4 h5 43. Nc3 Bd4 44. Ne4 Qd5 45. Ng5 Qa2 46. Qf4 Bf6
47. Ne4 Qe6 48. Nxf6 Qxf6 49. Qc7 Qd4 50. Qxa7 Qe4+ 51. Kh2 Qd4 52. Kg1 Qd1+
53. Kh2 Qd4 54. Qa8 Qxf2+ 55. Qg2 Qd4 56. Qa2 f5 57. Qc2 Qe5 58. a5 f4 59. axb6
fxg3+ 60. Kg2 Qd5+ 61. Kxg3 Qd6+ 62. Kg2 Qd5+ 63. Kg1 Qxb5 64. Qc7+ Kg8 65.
Qd8+ Kf7 66. Qc7+ Ke6 67. b7 Qb1+ 68. Kf2 Qb2+ 69. Ke3 Qb3+ 70. Kd4 Qb2+ 71.
Kc5 Qf2+ 72. Kb5 Qb2+ 73. Ka6 Qa3+ 74. Qa5 Qd3+ 75. Ka7 Qd7 76. Qa6+ Kf5 77.
Kb6 Qd8+ 78. Ka7 Qd4+ 79. Ka8 Qd5 80. Qa4 g5 81. Ka7 Qc5+ 82. Ka8 Qd5 83. Qc2+
Kg4 84. hxg5 Kxg5 85. Qc1+ Kh4 86. Qe1+ Kg4 87. Qg1+ Kh3 88. Qe3+ Kg2 89. Qa3
h4 90. Ka7 Qd7 91. Qb2+ Kh1 92. Qb4 h3 93. Qe4+ Kg1 94. Ka8 Qxb7+ 95. Kxb7 h2
96. Kc6 h1=Q 97. Qxh1+ Kxh1 1/2-1/2

[Event "Division Honor Aragonesa Grupo A "]
[Site "Aragon"]
[Date "2017.02.04"]
[Round "2.4"]
[White "Arregui Untoria, Carlos"]
[Black "Llanes Luno, Pedro Alfredo"]
[Result "1-0"]
[WhiteElo "2075"]
[BlackElo "2059"]
[PlyCount "81"]
[EventDate "2017.01.28"]
[WhiteTeam "St. Casablanca B"]
[BlackTeam "Delicias"]

1. d4 Nf6 2. c4 g6 3. Nc3 Bg7 4. e4 d6 5. f3 O-O 6. Be3 Nc6 7. Nge2 a6 8. Qd2
Rb8 9. Rc1 Bd7 10. Nd1 e5 11. d5 Ne7 12. b4 Ne8 13. Nec3 f5 14. Bd3 Kh8 15. Nb2
Ng8 16. Kd1 Nef6 17. Kc2 fxe4 18. Bxe4 Bf5 19. h3 Bxe4+ 20. fxe4 Nh5 21. g4 Nf4
22. Nd3 Nxd3 23. Kxd3 Qh4 24. Qg2 Rf7 25. Rcf1 Rbf8 26. Rxf7 Rxf7 27. g5 Bf8
28. Ke2 Kg7 29. Qg4 Qxg4+ 30. hxg4 Ne7 31. a4 Nc8 32. a5 c6 33. b5 cxb5 34.
cxb5 Rc7 35. Kd3 Rd7 36. bxa6 bxa6 37. Rb1 Be7 38. Rb8 Na7 39. Rb6 Nc8 40. Rxa6
Bd8 41. Ra8 1-0

[Event "Division Honor Aragonesa Grupo A "]
[Site "Aragon"]
[Date "2017.02.04"]
[Round "2.5"]
[White "Lana Rodriguez, David"]
[Black "Hinojar Basa, Alfonso"]
[Result "1-0"]
[WhiteElo "2263"]
[BlackElo "2175"]
[PlyCount "68"]
[EventDate "2017.01.28"]
[WhiteTeam "Agrupacion"]
[BlackTeam "Marcos Frechin"]

1. e4 e6 2. d4 d5 3. Bd3 dxe4 4. Bxe4 Nf6 5. Bf3 c5 6. Ne2 cxd4 7. Qxd4 Nbd7 8.
O-O Bc5 9. Qc4 Qe7 10. Nbc3 O-O 11. b4 Bxb4 12. Rb1 a5 13. Bf4 Qc5 14. Qxc5
Bxc5 15. Bxb7 Bxb7 16. Rxb7 e5 17. Bg3 Rfb8 18. Rfb1 Bb4 19. Rxb8+ Rxb8 20. Na4
Ne4 21. f3 Nxg3 22. Nxg3 Be7 23. Rxb8+ Nxb8 24. Kf1 Kf8 25. Ke2 Ke8 26. Nf5 Bf8
27. Kd3 Kd7 28. Kc4 Kc6 29. Ne3 Nd7 30. Nb2 g6 31. g4 f6 32. Kd3 Nc5+ 33. Ke2
Ne6 34. Nbd1 Bc5 1-0

[Event "Division Honor Aragonesa Grupo A "]
[Site "Aragon"]
[Date "2017.02.04"]
[Round "2.6"]
[White "Jario Garcia, Ricardo"]
[Black "Barrantes Munoz, Hugo Pedro"]
[Result "0-1"]
[WhiteElo "2102"]
[BlackElo "2239"]
[PlyCount "74"]
[EventDate "2017.01.28"]
[WhiteTeam "Marcos Frechin"]
[BlackTeam "Agrupacion"]

1. e4 e5 2. Nf3 Nc6 3. d4 exd4 4. Nxd4 g6 5. h4 Bg7 6. Bg5 Nge7 7. c3 Nxd4 8.
cxd4 h6 9. Be3 d5 10. f3 O-O 11. Qd2 dxe4 12. fxe4 Re8 13. Nc3 Bg4 14. Bc4 Nf5
15. e5 c5 16. e6 cxd4 17. exf7+ Kh8 18. fxe8=Q+ Qxe8 19. Bb5 dxc3 20. Bxe8
cxd2+ 21. Kxd2 Rd8+ 22. Kc1 Rxe8 23. Bd2 Rc8+ 24. Bc3 Bxc3 25. bxc3 Rxc3+ 26.
Kb2 Rg3 27. Rac1 Rxg2+ 28. Kb3 Nd4+ 29. Kc4 Nc6 30. Kc5 Rxa2 31. Rhg1 h5 32.
Rb1 Rc2+ 33. Kd6 Rd2+ 34. Kc5 Rd7 35. Rge1 Kg7 36. Re3 Bf5 37. Rb2 Kf6 0-1

[Event "Division Honor Aragonesa Grupo A "]
[Site "Aragon"]
[Date "2017.02.04"]
[Round "2.7"]
[White "Remiro Juste, Fernando Jose"]
[Black "Sancho Cortes, Miguel Angel"]
[Result "0-1"]
[WhiteElo "2202"]
[BlackElo "2063"]
[PlyCount "74"]
[EventDate "2017.01.28"]
[WhiteTeam "Agrupacion"]
[BlackTeam "Marcos Frechin"]

1. d4 f5 2. Bg5 Nf6 3. Bxf6 exf6 4. e3 d5 5. g3 Bd6 6. Bg2 c6 7. Nd2 Be6 8. Ne2
Nd7 9. O-O O-O 10. b3 Nb6 11. Rc1 Ba3 12. Rb1 Qe7 13. c3 a5 14. Qc2 Nc8 15. c4
Nd6 16. c5 Ne4 17. Rbd1 a4 18. bxa4 Bb4 19. Nb1 Bf7 20. Rd3 Ba5 21. Rb3 Ra7 22.
Qb2 Rb8 23. h4 Bc7 24. Nbc3 g5 25. a5 Nxc3 26. Qxc3 Bh5 27. Qc2 Qg7 28. hxg5
fxg5 29. Rfb1 f4 30. e4 Bxe2 31. Qxe2 fxg3 32. exd5 gxf2+ 33. Kf1 cxd5 34.
Bxd5+ Kh8 35. Rxb7 Raxb7 36. Rxb7 Rf8 37. Qg4 Qg6 0-1

[Event "Division Honor Aragonesa Grupo A "]
[Site "Aragon"]
[Date "2017.02.04"]
[Round "2.8"]
[White "Gaspar Calvo, Luis Alberto"]
[Black "Roque Sola, Jose Luis"]
[Result "0-1"]
[WhiteElo "1985"]
[BlackElo "2177"]
[PlyCount "96"]
[EventDate "2017.01.28"]
[WhiteTeam "Marcos Frechin"]
[BlackTeam "Agrupacion"]

1. e4 e6 2. d4 d5 3. exd5 exd5 4. Nf3 Bd6 5. c4 c6 6. cxd5 cxd5 7. Bd3 Ne7 8.
O-O Bg4 9. h3 Bh5 10. Nbd2 Nbc6 11. Qb3 Qc7 12. Re1 O-O 13. a3 Rac8 14. g4 Bg6
15. Bxg6 Nxg6 16. Nf1 Rcd8 17. Bg5 f6 18. Bd2 Bf4 19. Ne3 Bxe3 20. Qxe3 Kh8 21.
Rac1 Qb8 22. b4 Rfe8 23. Qd3 Nf4 24. Bxf4 Qxf4 25. b5 Na5 26. Rxe8+ Rxe8 27.
Rc5 Rd8 28. Qf5 Qxf5 29. gxf5 Nc4 30. a4 a6 31. bxa6 bxa6 32. Ne1 h5 33. Nf3
Kh7 34. Kg2 Kh6 35. h4 Rd6 36. a5 g6 37. fxg6 Kxg6 38. Kf1 Kf5 39. Ke2 Kg4 40.
Nh2+ Kxh4 41. Rc7 Kg5 42. Rc5 Kf4 43. f3 Ne3 44. Rc7 Nf5 45. Kd3 Kg3 46. Nf1+
Kxf3 47. Rb7 h4 48. Rb6 h3 0-1

[Event "Division Honor Aragonesa Grupo A "]
[Site "Aragon"]
[Date "2017.02.04"]
[Round "2.9"]
[White "Baron Rodriguez, Jesus"]
[Black "Van Ojik, Mark"]
[Result "1-0"]
[WhiteElo "2430"]
[BlackElo "2303"]
[PlyCount "77"]
[EventDate "2017.01.28"]
[WhiteTeam "IberCaja"]
[BlackTeam "ONCE C.A. Aragon"]

1. e4 e5 2. Nf3 Nc6 3. Nc3 Nf6 4. Bb5 Bb4 5. O-O Bxc3 6. bxc3 O-O 7. Re1 Re8 8.
Rb1 h6 9. h3 b6 10. Bxc6 dxc6 11. d3 c5 12. c4 Nh7 13. Nh2 Qd6 14. Qh5 Bd7 15.
Re3 Re6 16. Rg3 Rg6 17. Nf1 Ba4 18. Ne3 Rxg3 19. fxg3 Bxc2 20. Nxc2 Qxd3 21.
Na3 Qxg3 22. Qe2 Nf6 23. Nb5 c6 24. Nd6 Rd8 25. Rb3 Qg6 26. Nf5 Kh8 27. Bb2 Qg5
28. Bxe5 Rd2 29. Qf3 Rxa2 30. Rd3 Rd2 31. Rxd2 Qxd2 32. Nxg7 Nd7 33. Ne8+ Kg8
34. Nf6+ Kf8 35. Nxd7+ Qxd7 36. Qf6 Qd1+ 37. Kh2 h5 38. Bd6+ Kg8 39. Qg5+ 1-0

[Event "Division Honor Aragonesa Grupo A "]
[Site "Aragon"]
[Date "2017.02.04"]
[Round "2.10"]
[White "Gavin Roche, Enrique"]
[Black "Hefty, Jorge W"]
[Result "0-1"]
[WhiteElo "2261"]
[BlackElo "2369"]
[PlyCount "90"]
[EventDate "2017.01.28"]
[WhiteTeam "ONCE C.A. Aragon"]
[BlackTeam "IberCaja"]

1. d4 Nf6 2. c4 e6 3. Nf3 c5 4. Nc3 cxd4 5. Nxd4 Bb4 6. Bd2 O-O 7. g3 Nc6 8.
Nc2 Bxc3 9. Bxc3 Ne4 10. Qd3 Nxc3 11. Qxc3 b6 12. Bg2 Bb7 13. O-O Rc8 14. b3
Qe7 15. Rfe1 Rfd8 16. Ne3 Rc7 17. Rad1 Na5 18. Qe5 Qc5 19. Qb2 Bxg2 20. Kxg2 b5
21. cxb5 Qxb5 22. Rc1 Qb7+ 23. Kg1 Rdc8 24. Rxc7 Qxc7 25. Rd1 d5 26. h4 Nb7 27.
Qd4 Nd6 28. h5 h6 29. Qg4 Ne4 30. Kg2 Nf6 31. Qd4 Nxh5 32. Ng4 Qc2 33. Rh1 Qf5
34. Ne3 Qg6 35. Rh4 a5 36. Qa7 Nf6 37. Qxa5 Rc1 38. Qd8+ Kh7 39. Qe7 Re1 40.
Kf3 Ne4 41. Ng2 Qf5+ 42. Nf4 Ng5+ 43. Kg2 Qe4+ 44. f3 Rxe2+ 45. Nxe2 Qxe2+ 0-1

[Event "Division Honor Aragonesa Grupo A "]
[Site "Aragon"]
[Date "2017.02.04"]
[Round "2.11"]
[White "Martinez Cebolla, Alberto"]
[Black "Laliena Solanes, Luis"]
[Result "1-0"]
[WhiteElo "2045"]
[BlackElo "2179"]
[PlyCount "126"]
[EventDate "2017.01.28"]
[WhiteTeam "IberCaja"]
[BlackTeam "ONCE C.A. Aragon"]

1. e4 c5 2. Nf3 e6 3. c3 d5 4. exd5 exd5 5. d4 Nc6 6. Bb5 Bd6 7. O-O Nge7 8.
Nbd2 Bg4 9. dxc5 Bxc5 10. Nb3 Bd6 11. Nbd4 O-O 12. Be3 Nxd4 13. Bxd4 Nc6 14.
Be2 Re8 15. Be3 Bc7 16. Re1 Qd6 17. g3 Rad8 18. Nd4 Bxe2 19. Rxe2 Qf6 20. Nxc6
Qxc6 21. Rd2 Bb6 22. Bxb6 Qxb6 23. Qf3 g6 24. Rad1 h5 25. h4 Qb5 26. b3 Qa5 27.
c4 dxc4 28. Rxd8 Rxd8 29. Rxd8+ Qxd8 30. bxc4 b6 31. Qb7 a5 32. Qc6 Qd4 33. Kg2
Kf8 34. Qc8+ Ke7 35. Qc7+ Ke6 36. Qc6+ Qd6 37. Qe4+ Kf6 38. Qf3+ Kg7 39. Qe4
Qc5 40. a4 Kf6 41. Qf4+ Ke6 42. Qe4+ Kd6 43. Qf4+ Ke7 44. Qe4+ Kf8 45. Qa8+ Kg7
46. Qe4 Qd6 47. Qb7 Qd4 48. Qc6 Kf8 49. Qc8+ Ke7 50. Qc7+ Ke6 51. Qc6+ Qd6 52.
Qe4+ Kf6 53. Qf3+ Kg7 54. Qe4 f5 55. Qb7+ Kf6 56. Qf3 Qc5 57. Qb7 Ke6 58. Qg7
Qc6+ 59. Kg1 Qxa4 60. Qxg6+ Ke5 61. Qxb6 Qd1+ 62. Kg2 Qd2 63. Qc5+ Ke4 $138 1-0

[Event "Division Honor Aragonesa Grupo A "]
[Site "Aragon"]
[Date "2017.02.04"]
[Round "2.12"]
[White "Cobo Garrido, Diego Israel"]
[Black "Torcal Miguel, Oscar"]
[Result "0-1"]
[WhiteElo "2070"]
[BlackElo "1980"]
[PlyCount "74"]
[EventDate "2017.01.28"]
[WhiteTeam "ONCE C.A. Aragon"]
[BlackTeam "IberCaja"]

1. e4 c5 2. Nf3 d6 3. d4 cxd4 4. Nxd4 Nf6 5. Nc3 g6 6. Be3 Bg7 7. f3 O-O 8. Qd2
Nc6 9. Bc4 Bd7 10. O-O-O Ne5 11. Bb3 Rc8 12. Nd5 Nxd5 13. exd5 b5 14. h4 Nc4
15. Bxc4 bxc4 16. c3 Qa5 17. Kb1 Qxd5 18. g4 e5 19. Nf5 Bxf5+ 20. gxf5 Qxf3 21.
Rdf1 Qe4+ 22. Ka1 Qd3 23. f6 Qxd2 24. Bxd2 Bh8 25. h5 Rc7 26. Rh2 d5 27. Rhf2
d4 28. cxd4 exd4 29. Bh6 Re8 30. Kb1 Rc6 31. hxg6 hxg6 32. Bg5 Re5 33. Bh4 Rh5
34. Bg3 d3 35. Bb8 Rxf6 36. Bxa7 Rxf2 37. Bxf2 Rf5 0-1

[Event "Division Honor Aragonesa Grupo A "]
[Site "Aragon"]
[Date "2017.02.04"]
[Round "2.13"]
[White "Forcen Esteban, Daniel"]
[Black "Moreno Gracia, Daniel"]
[Result "1-0"]
[WhiteElo "2541"]
[BlackElo "2318"]
[PlyCount "57"]
[EventDate "2017.01.28"]
[WhiteTeam "Jaime Casas"]
[BlackTeam "L'Aurora Estadilla"]

1. e4 e5 2. Nf3 Nc6 3. Bc4 Bc5 4. c3 Nf6 5. d3 d6 6. h3 h6 7. a4 a6 8. Nbd2 O-O
9. Nf1 Ne7 10. Ng3 Ng6 11. O-O Ba7 12. Bb3 d5 13. exd5 Nxd5 14. Re1 Ndf4 15.
Bxf4 exf4 16. Ne4 Re8 17. d4 Bf5 18. Nfd2 Qd7 19. Qh5 Re7 20. Nf6+ gxf6 21.
Rxe7 Nxe7 22. Qxf7+ Kh8 23. Qxf6+ Kh7 24. Re1 Ng6 25. Bf7 Rg8 26. Bxg6+ Rxg6
27. Re7+ Qxe7 28. Qxe7+ Rg7 29. Qh4 1-0

[Event "Division Honor Aragonesa Grupo A "]
[Site "Aragon"]
[Date "2017.02.04"]
[Round "2.14"]
[White "Solano Lasierra, Javier"]
[Black "Ramiro Ovejero, Juan Luis"]
[Result "0-1"]
[WhiteElo "2171"]
[BlackElo "2386"]
[PlyCount "94"]
[EventDate "2017.01.28"]
[WhiteTeam "L'Aurora Estadilla"]
[BlackTeam "Jaime Casas"]

1. d4 Nf6 2. Nf3 g6 3. Nc3 d5 4. Bf4 c6 5. Qd2 a5 6. Ne5 Be6 7. f3 Nbd7 8. g4
a4 9. a3 Nxe5 10. Bxe5 Rg8 11. Bg2 Nd7 12. Bf4 Bg7 13. e3 Qa5 14. Ne2 Qxd2+ 15.
Kxd2 f5 16. h3 Bf7 17. Bg3 e5 18. Rhe1 O-O-O 19. f4 exd4 20. exd4 Nb6 21. b3
Rde8 22. Bf2 fxg4 23. hxg4 h5 24. Bf3 Nd7 25. Bh4 axb3 26. cxb3 Nf6 27. Bxf6
Bxf6 28. Kd3 Bh4 29. Rf1 Re7 30. Nc3 Rge8 31. Nd1 Bf6 32. Ra2 hxg4 33. Bxg4+
Kc7 34. Bf3 Be6 35. b4 Bf5+ 36. Kc3 b6 37. Rd2 Kd6 38. Kb3 b5 39. Ka2 Ra8 40.
Nc3 Re3 41. Kb2 Bd3 42. Be2 Bxe2 43. Rxe2 Rxe2+ 44. Nxe2 Re8 45. Rf2 Re3 46.
Rg2 Ke6 47. Kc2 Kf5 0-1

[Event "Division Honor Aragonesa Grupo A "]
[Site "Aragon"]
[Date "2017.02.04"]
[Round "2.16"]
[White "Fuentes Espuna, Juan Antonio"]
[Black "Maza Broto, Pablo"]
[Result "0-1"]
[WhiteElo "1962"]
[BlackElo "2022"]
[PlyCount "114"]
[EventDate "2017.01.28"]
[WhiteTeam "L'Aurora Estadilla"]
[BlackTeam "Jaime Casas"]

1. d4 Nf6 2. c4 e6 3. Nc3 Bb4 4. Qc2 c5 5. Nf3 cxd4 6. Nxd4 Nc6 7. e3 O-O 8.
Bd2 d5 9. Rd1 e5 10. Nxc6 bxc6 11. a3 Ba5 12. b4 Bc7 13. Bc1 Re8 14. cxd5 cxd5
15. Bb5 Bb7 16. Bxe8 Qxe8 17. Qe2 Qc6 18. Nb5 Bb6 19. a4 a6 20. Na3 Ne4 21. Qc2
Qg6 22. O-O Rc8 23. Qd3 Qh5 24. Bb2 Re8 25. a5 Ba7 26. b5 Ng5 27. e4 Nxe4 28.
bxa6 Nxf2 29. Rxf2 Bxa6 30. Qf3 Bxf2+ 31. Kxf2 Qxh2 32. Qxd5 e4 33. Qxe4 Qb8
34. Qd4 f6 35. Rd2 Bb7 36. Qd6 Qa8 37. Kg1 Qxa5 38. Nc4 Qf5 39. Qd3 Re1+ 40.
Kh2 Qf4+ 41. Qg3 Rh1+ 42. Kxh1 Qxg3 43. Rd8+ Kf7 44. Nd6+ Kg6 45. Nxb7 Qb3 46.
Bxf6 gxf6 47. Nd6 Qe6 48. Nc8 h5 49. Kh2 h4 50. Rg8+ Kh7 51. Rd8 Qe5+ 52. Kh1
Qe1+ 53. Kh2 Qg3+ 54. Kh1 h3 55. gxh3 Qxh3+ 56. Kg1 Qg3+ 57. Kh1 Qc7 0-1

[Event "Division Honor Aragonesa Grupo B"]
[Site "Aragon"]
[Date "2017.02.04"]
[Round "2.17"]
[White "Nicolas Zapata, Irene"]
[Black "Salamero Pelay, Fernando"]
[Result "1-0"]
[WhiteElo "2252"]
[BlackElo "2163"]
[PlyCount "53"]
[EventDate "2017.01.28"]
[WhiteTeam "Teruel"]
[BlackTeam "Atletismo Huesca"]

1. Nf3 f5 2. c4 Nf6 3. g3 e6 4. Bg2 d5 5. O-O Bd6 6. b3 Qe7 7. Bb2 O-O 8. d4 c6
9. Nbd2 Nbd7 10. Ne5 Ne4 11. Ndf3 a5 12. Nd3 a4 13. c5 Bc7 14. bxa4 b6 15. cxb6
Nxb6 16. Nfe5 Bxe5 17. Nxe5 Nxa4 18. Qc2 Nxb2 19. Qxb2 c5 20. dxc5 Qxc5 21.
Rac1 Qa3 22. Qd4 Nd6 23. Bxd5 exd5 24. Qxd5+ Nf7 25. Nxf7 Rxf7 26. Rc7 Qf8 27.
Rxf7 1-0

[Event "Division Honor Aragonesa Grupo B"]
[Site "Aragon"]
[Date "2017.02.04"]
[Round "2.18"]
[White "Gella Lopez, Angel"]
[Black "Dominguez Bujeda, Jesus"]
[Result "1-0"]
[WhiteElo "2101"]
[BlackElo "2104"]
[PlyCount "86"]
[EventDate "2017.01.28"]
[WhiteTeam "Atletismo Huesca"]
[BlackTeam "Teruel"]

1. d4 d5 2. c4 e6 3. Nf3 Nf6 4. g3 Be7 5. Bg2 O-O 6. O-O dxc4 7. Qc2 a6 8. a4
Qd5 9. Bg5 Nc6 10. Rd1 Rd8 11. Nc3 Qa5 12. h4 h6 13. Bf4 Nd5 14. Bd2 Ndb4 15.
Qe4 Rb8 16. Na2 Qd5 17. Qb1 Nxa2 18. Qxa2 Nxd4 19. Nxd4 Qxd4 20. Bc3 Qc5 21.
Rxd8+ Bxd8 22. Rd1 Be7 23. Bd4 Qd6 24. Qa1 e5 25. Ba7 Ra8 26. Rxd6 cxd6 27. Be3
Rb8 28. a5 Be6 29. Bb6 d5 30. e3 Rc8 31. Qd1 e4 32. Bd4 Bd8 33. Qd2 Rc6 34. Qc3
f6 35. f3 exf3 36. Bxf3 Be7 37. e4 dxe4 38. Bxe4 Rc7 39. Qe3 Bf7 40. Bf5 Kf8
41. Be6 Bg6 42. Qf4 Bd8 43. Qd6+ Ke8 1-0

[Event "Division Honor Aragonesa Grupo B"]
[Site "Aragon"]
[Date "2017.02.04"]
[Round "2.19"]
[White "Martin Catalan, Juan Vicente"]
[Black "Luis Vitalla, Fernando"]
[Result "1/2-1/2"]
[WhiteElo "2059"]
[BlackElo "2086"]
[PlyCount "75"]
[EventDate "2017.01.28"]
[WhiteTeam "Teruel"]
[BlackTeam "Atletismo Huesca"]

1. d4 d5 2. Bf4 Nf6 3. e3 c5 4. c3 Nc6 5. Nd2 Bf5 6. dxc5 e5 7. Bg3 Bxc5 8.
Ngf3 Bd6 9. Bb5 Qe7 10. c4 a6 11. cxd5 axb5 12. dxc6 bxc6 13. O-O O-O 14. a4
Bd3 15. Re1 Rfd8 16. axb5 Rxa1 17. Qxa1 Bxb5 18. Rc1 Nd5 19. Ne4 f6 20. Qa2 Kf8
21. Nxd6 Rxd6 22. Rd1 Nc3 23. Qa8+ Kf7 24. Rxd6 Ne2+ 25. Kh1 Qxd6 26. Qa7+ Ke6
27. Nd4+ Nxd4 28. exd4 Qxd4 29. Qa1 h5 30. h4 g5 31. hxg5 fxg5 32. Qa8 h4 33.
Qe8+ Kd5 34. Qf7+ Kc5 35. Qe7+ Kc4 36. Bxe5 Qxf2 37. Qxg5 Kb3 38. Qf6 1/2-1/2

[Event "Division Honor Aragonesa Grupo B"]
[Site "Aragon"]
[Date "2017.02.04"]
[Round "2.20"]
[White "Laplaza Ara, Carlos"]
[Black "Arpa Pardos, Emilio"]
[Result "1/2-1/2"]
[WhiteElo "1957"]
[BlackElo "1972"]
[PlyCount "67"]
[EventDate "2017.01.28"]
[WhiteTeam "Atletismo Huesca"]
[BlackTeam "Teruel"]

1. c4 Nf6 2. Nc3 e6 3. e4 d5 4. cxd5 exd5 5. e5 Ne4 6. Nxe4 dxe4 7. Qa4+ Nc6 8.
Qxe4 Qd4 9. Qxd4 Nxd4 10. Bd3 Bg4 11. f3 Bh5 12. Ne2 O-O-O 13. Nxd4 Rxd4 14.
Bf5+ Kb8 15. d3 Bb4+ 16. Bd2 Re8 17. O-O-O Bxd2+ 18. Kxd2 h6 19. Rhe1 Rd5 20.
g4 Bg6 21. f4 c5 22. Kc3 Bxf5 23. gxf5 f6 24. exf6 Rxe1 25. Rxe1 gxf6 26. Re8+
Kc7 27. Rh8 Rxf5 28. Rxh6 Rxf4 29. h4 f5 30. h5 Rh4 31. Rh7+ Kb6 32. h6 f4 33.
Rf7 Rxh6 34. Rxf4 1/2-1/2

[Event "Division Honor Aragonesa Grupo B"]
[Site "Aragon"]
[Date "2017.02.04"]
[Round "2.21"]
[White "Cifuentes Parada, Roberto"]
[Black "Cebrian Valverde, Jose Antonio"]
[Result "1-0"]
[WhiteElo "2478"]
[BlackElo "2137"]
[PlyCount "91"]
[EventDate "2017.01.28"]
[WhiteTeam "Jaque"]
[BlackTeam "San Jose"]

1. d4 d5 2. Nf3 e6 3. c4 Nf6 4. e3 c5 5. cxd5 exd5 6. Bb5+ Bd7 7. Bxd7+ Nbxd7
8. dxc5 Nxc5 9. O-O Be7 10. b3 O-O 11. Bb2 Qd7 12. Nc3 Rad8 13. Qe2 a6 14. Rfd1
Rfe8 15. Rac1 Bf8 16. h3 Qf5 17. Nd4 Qd7 18. Qf3 Nce4 19. Nde2 Bd6 20. Nd4 Re5
21. Qe2 Rde8 22. Nxe4 Rxe4 23. Nf3 Qf5 24. Bxf6 gxf6 25. Qd3 Rd8 26. Nd2 Re5
27. Qxf5 Rxf5 28. Nf3 Kf8 29. g4 Rxf3 30. Kg2 Rf4 31. exf4 Bxf4 32. Rc5 d4 33.
Kf3 Be5 34. Ke4 Re8 35. Kd3 Bb8 36. Rd5 Be5 37. Rc1 Kg7 38. Rd7 b6 39. Rc6 h5
40. Rxb6 hxg4 41. hxg4 Kg6 42. Rxa6 Kg5 43. Rxf7 Kxg4 44. Raxf6 Bxf6 45. Rxf6
Ra8 46. Kxd4 1-0

[Event "Division Honor Aragonesa Grupo B"]
[Site "Aragon"]
[Date "2017.02.04"]
[Round "2.22"]
[White "Palomar Ramon, Santiago"]
[Black "Gines Esteo, Pedro Antonio"]
[Result "0-1"]
[WhiteElo "1944"]
[BlackElo "2325"]
[PlyCount "122"]
[EventDate "2017.01.28"]
[WhiteTeam "San Jose"]
[BlackTeam "Jaque"]

1. e4 d6 2. d4 Nf6 3. Nc3 e5 4. Nf3 Nbd7 5. Bc4 Be7 6. a4 O-O 7. O-O a6 8. a5
exd4 9. Qxd4 Ng4 10. Nd5 Bf6 11. Nxf6+ Qxf6 12. Bg5 Qxd4 13. Nxd4 h6 14. Bd2
Ngf6 15. f3 b5 16. axb6 Nxb6 17. Ba2 Re8 18. Rfe1 Bd7 19. b4 Bb5 20. Nb3 Nc4
21. Bc3 Nd7 22. Na5 Nxa5 23. bxa5 Ne5 24. Rab1 Bc4 25. Bxc4 Nxc4 26. Rb7 Rec8
27. Ra1 c6 28. Rd1 Rab8 29. Ra7 Ne3 30. Rc1 Ra8 31. Bd4 Rxa7 32. Bxa7 Nc4 33.
Ra1 Rc7 34. Ra4 d5 35. exd5 cxd5 36. Bd4 Rb7 37. Kf2 f6 38. Ke2 Rb5 39. Bc3 Rb1
40. Ra1 Rxa1 41. Bxa1 Nxa5 42. Kd3 Nc6 43. Kc3 Kf7 44. Kb3 Ke6 45. Bc3 h5 46.
Be1 Ne5 47. Kb4 Nc4 48. Bf2 g5 49. Kc5 h4 50. Kd4 a5 51. Be1 a4 52. Bc3 a3 53.
Ba1 a2 54. Bc3 Kf5 55. g3 h3 56. Ba1 Nd2 57. Kxd5 Nxf3 58. g4+ Kxg4 59. Bxf6
Nxh2 60. c4 Nf1 61. c5 h2 0-1

[Event "Division Honor Aragonesa Grupo B"]
[Site "Aragon"]
[Date "2017.02.04"]
[Round "2.23"]
[White "Ereza Vizcarra, Fernando"]
[Black "Ruiz Casado, Francisco Javier"]
[Result "0-1"]
[WhiteElo "1981"]
[BlackElo "1970"]
[PlyCount "90"]
[EventDate "2017.01.28"]
[WhiteTeam "Jaque"]
[BlackTeam "San Jose"]

1. d4 Nf6 2. Nf3 e6 3. Bg5 c5 4. e3 b6 5. Nbd2 Bb7 6. Bd3 Be7 7. O-O d6 8. c4
Nbd7 9. e4 h6 10. Bh4 g5 11. Bg3 g4 12. Ne1 cxd4 13. f4 Rg8 14. Qe2 e5 15. Nc2
Nh5 16. Nb4 Bh4 17. Bxh4 Qxh4 18. Nd5 Bxd5 19. exd5 g3 20. h3 Nxf4 21. Rxf4
Qxf4 22. Rf1 Qe3+ 23. Qxe3 dxe3 24. Ne4 Ke7 25. Rf3 Nc5 26. Nxc5 bxc5 27. Rxe3
Rab8 28. b3 a5 29. Kf1 Rg5 30. Bc2 Rf8 31. Ke2 f5 32. Kf3 h5 33. a4 h4 34. Bd1
Kf6 35. Re1 Rg7 36. Ke3 Re7 37. Rf1 Kg5 38. Bc2 e4 39. Rf4 Rb8 40. Rf1 Rf7 41.
Kd2 Re8 42. Bd1 f4 43. Bg4 f3 44. Ke3 fxg2 45. Rg1 Rf2 0-1

[Event "Division Honor Aragonesa Grupo B"]
[Site "Aragon"]
[Date "2017.02.04"]
[Round "2.24"]
[White "Landa Garriga, Francisco Javie"]
[Black "Escartin Lacasa, Jose"]
[Result "0-1"]
[WhiteElo "1883"]
[BlackElo "1974"]
[PlyCount "106"]
[EventDate "2017.01.28"]
[WhiteTeam "San Jose"]
[BlackTeam "Jaque"]

1. e4 d6 2. d4 Nf6 3. Nc3 e5 4. dxe5 dxe5 5. Qxd8+ Kxd8 6. Bg5 c6 7. O-O-O+ Kc7
8. Bc4 Be6 9. Bxe6 fxe6 10. Nge2 Nbd7 11. f3 Bc5 12. Na4 Bd6 13. Be3 b5 14.
Nac3 Rhd8 15. Ng3 Nb6 16. b3 a5 17. Kb2 a4 18. Rd3 axb3 19. axb3 Ba3+ 20. Kb1
Rdb8 21. Bc1 Nfd7 22. Bb2 Nc5 23. Rdd1 Nc4 24. Bxa3 Rxa3 25. bxc4 bxc4+ 26. Kc1
Rxc3 27. Kd2 Ra3 28. Ra1 Rba8 29. Rxa3 Rxa3 30. Ne2 Na4 31. Rb1 c3+ 32. Kd3
Nb2+ 33. Ke3 c5 34. Nxc3 Rxc3+ 35. Kd2 Na4 36. Ra1 Rc4 37. Ra3 Rd4+ 38. Ke2 Nb6
39. Ra7+ Kc6 40. Rxg7 Rd7 41. Rg8 Nc4 42. Rc8+ Kb6 43. Rb8+ Kc7 44. Rg8 Rd2+
45. Kf1 Rxc2 46. Rg7+ Kc6 47. Rxh7 Ne3+ 48. Ke1 Nxg2+ 49. Kd1 Ne3+ 50. Ke1 c4
51. h4 Rh2 52. h5 c3 53. Rh8 Kc7 0-1